• 首页
  • 本馆介绍
  • 公告通知
  • 最新文献
  • 馆藏检索
  • 电子资源
  • 读者导购
  • 参考咨询
  • 我的图书馆
  • 登录
  • 详细信息显示
  • 放入我的书架
  • 预约/预借图书
  • 作者相关作品
  • 分类相关作品
  • 丛书相关作品
  • 出版社相关作品

书目信息

  • 表格格式
  • 工作单格式
  • 卡片格式
题名:
和声学实用教程
    
 
作者: 科萨科夫 著 ;张洪岛 译
分册:  
出版信息: 北京   人民音乐出版社  1955.07
页数: 155页
开本: 21cm
丛书名:
单 册:
中图分类: J614.1
科图分类:
主题词: 音乐--技术--理论 , 音乐--技术--方法
电子资源:
ISBN: 7-103-00273-8
000 00667nam0 2200217 45
001 0405170997
005 20040517092927.8
010    @a7-103-00273-8@dCNY4.80
100    @a20040517d1955 km y0chiy0120 ea
101 0  @achi
105    @a z 000yy
200 1  @a和声学实用教程@AHe Sheng Xue Shi Yong Jiao Cheng@f(俄)里姆斯基-科萨科夫著@F(E)Li Mu Si Ji-Ke Sa Ke Fu Zhu@g张洪岛译
210    @a北京@c人民音乐出版社@d1955.07
215    @a155页@d21cm
606 0  @a音乐@x技术@x理论
606 0  @a音乐@x技术@x方法
690    @aJ614.1@v3
701  0 @a科萨科夫@4著
702  0 @a张洪岛@AZhang Hong Dao@4译
801    @aCN@bPftUser@c20040517
905    @f1@b263541@dJ614.1@e139
    
    和声学实用教程/(俄)里姆斯基-科萨科夫著/张洪岛译.-北京:人民音乐出版社,1955.07
    155页;21cm
    
    
    ISBN 7-103-00273-8:CNY4.80
    
●
相关链接 在E读中查询图书 在五车中查询图书 在当当中查询图书 在豆瓣中查询图书


正题名:和声学实用教程     索取号:J614.1/139         预约/预借

序号 登录号 条形码 馆藏地/架位号 状态 备注
1 0263541   001208874   第一借阅区/ [索取号:J614.1/139] 在馆    
2 0263542   001208927   第一样本阅览室/ [索取号:J614.1/139] 在馆    
唐山师范学院图书馆 欢迎您!
大连网信软件有限公司© 版权所有